Introducción a la dinámica de sistemas /

Contiene: 1) Modelos matemáticos en las ciencias sociales; 2) Elementos de la dinámica de sistemas; 3) Estructuras elementales; 4) Construcción de modelos en dinámica de sistemas; 5) Métodos analíticos en dinámica de sistemas; 6) El modelo del mundo.

Guardado en:
Detalles Bibliográficos
Autor principal: Aracil Santonja, Javier (autor)
Formato: Libro
Idioma:Español
Publicado: Madrid, España : Alianza, 1978, c1978
Temas:
Etiquetas: Agrega una etiqueta
Sin etiquetas, Sé el primero en etiquetar este registro!

MARC

LEADER 00000nam^a2200000^a^4500
001 000000717
005 20250521000000.0
009 20260310083040.381
020 |a 84-206-2205-2 
037 |a Acervo ITESO - Biblioteca 
041 |a ESP 
082 |a 003.  |b ARA 
100 |a Aracil Santonja, Javier  |e (autor) 
245 1 0 |a Introducción a la dinámica de sistemas /  |c J. Aracil. 
264 4 |a Madrid, España :  |b Alianza,  |c 1978, c1978 
300 |a 301 p. 
336 |a texto  |b txt  |2 rdacontenido 
337 |a sin mediación  |b n  |2 rdamedio 
338 |a volumen  |b nc  |2 rdasoporte 
520 |a Contiene: 1) Modelos matemáticos en las ciencias sociales; 2) Elementos de la dinámica de sistemas; 3) Estructuras elementales; 4) Construcción de modelos en dinámica de sistemas; 5) Métodos analíticos en dinámica de sistemas; 6) El modelo del mundo. 
649 |a XX 
650 |a Teoría de Sistemas 
650 |a Sistemas Dinámicos 
650 |a Física -  |x Teoría 
910 |a Fondo General 
920 |a Impresos - Libros 
930 |a Colección General 
905 |a 101 
901 |a 0007170100  |b IT1  |c ACC  |i 000717  |u 20250521 
901 |a 0500000688  |b IT1  |c ACC  |u 20250521 
902 |a https://opac.biblio.iteso.mx/vufind/Record/000000717